McQueen = McQueen /
Збережено в:
| Автор: | |
|---|---|
| Інші автори: | , , , , , |
| Формат: | |
| Мова: | Англійська |
| Предмети: | |
| Теги: |
Немає тегів, Будьте першим, хто поставить тег для цього запису!
|
MARC
| LEADER | 00000ngm^a2200000^a^4500 | ||
|---|---|---|---|
| 001 | 000440634 | ||
| 005 | 20250521000000.0 | ||
| 008 | 220422 | ||
| 009 | 20260310123342.097 | ||
| 037 | |a Acervo ITESO - Biblioteca | ||
| 041 | |a ING | ||
| 082 | |a 746. 920942086 |b MCQ BON | ||
| 100 | |a McQueen, Alexander |e (diseñador) | ||
| 245 | 1 | 0 | |a McQueen = |b McQueen / |c A. McQueen ; realización de I. Bonhôte, P. Ettedgui. |
| 264 | 2 | |a México : |b Zima Entertainment [distribución], |c copyright fecha no identificada | |
| 300 | |a 1 blu-ray región A (111 min.) : |b color | ||
| 336 | |a imagen móvil bidimensional |b tdi |2 rdacontenido | ||
| 337 | |a video |b v |2 rdamedio | ||
| 338 | |a videodisco |b vd |2 rdasoporte | ||
| 545 | 0 | |a El inglés Alexander McQueen (1969-2010) se formó en el londinense St. Martins College of Art and Design y dio pronto muestra de su genialidad, obteniendo en 1996 el reconocimiento Best British Designer of the Year y pocos años más tarde la Orden del Imperio Británico. Su estética ciertamente revolucionó la moda, en una mezcla que hace dialogar la imagen salvaje y dura con ciertos refinamientos líricos e incluso barrocos. | |
| 546 | |a En inglés, con subtítulos opcionales: español | ||
| 649 | |a XX | ||
| 650 | |a Diseñadores de Moda Escoseses - |x Biografías | ||
| 650 | |a Diseñadores de Moda Ingleses - |x Biografías | ||
| 650 | |a Diseñadores Escoceses - |x Biografías | ||
| 650 | |a Diseñadores Ingleses - |x Biografías | ||
| 650 | |a Artistas Escoseses - |x Biografías | ||
| 650 | |a Artistas Ingleses - |x Biografías | ||
| 650 | |a Documentales | ||
| 650 | |a Cine Gay y Lésbico - |z Inglaterra | ||
| 650 | |a Cine Inglés - |y 2010-2019 | ||
| 650 | |a Cine Inglés - |y Siglo XXI | ||
| 650 | |a Industria del Vestido - |z Inglaterra - |x Historia - |y Siglo XX | ||
| 650 | |a Industria del Vestido - |z Inglaterra - |x Historia - |y Siglo XXI | ||
| 650 | |a Diseño de Moda - |z Inglaterra - |x Historia - |x Tema Principal | ||
| 650 | |a Diseño de Moda - |z Inglaterra - |x Historia - |y Siglo XX | ||
| 650 | |a Diseño de Moda - |z Inglaterra - |x Historia - |y Siglo XXI | ||
| 650 | |a Moda - |z Inglaterra - |x Historia - |y Siglo XX | ||
| 650 | |a Moda - |z Inglaterra - |x Historia - |y Siglo XXI | ||
| 650 | |a Arte Francés - |y Siglo XX | ||
| 650 | |a Arte Francés - |y Siglo XXI | ||
| 650 | |a McQueen, Alexander - |x Tema Principal | ||
| 700 | |a Bonhôte, Ian |e (realización) | ||
| 700 | |a Ettedgui, Peter |e (realización) | ||
| 700 | |a Ettedgui, Peter |e (guión) | ||
| 700 | |a Pugh, Will |e (fotógrafo) | ||
| 700 | |a Baldessari, Cinzia |e (montaje) | ||
| 700 | |a Nyman, Michael |e (música) | ||
| 910 | |a Fondo General | ||
| 920 | |a Audiovisuales - Blu-rays | ||
| 940 | |a Películas | ||
| 905 | |a 303 | ||
| 901 | |a 0500365457 |b IT2 |c BRS |i C175795 |u 20250521 | ||
| 902 | |a https://opac.biblio.iteso.mx/vufind/Record/000440634 | ||